| 000 | 00726nam a2200301Ia 4500 | ||
|---|---|---|---|
| 005 | 20260401122342.0 | ||
| 008 | 008 250103s9999 xx 000 0 eng d | ||
| 020 | _a9780230008038 | ||
| 037 | _aTB | ||
| 040 | _aEDL | ||
| 040 | _beng | ||
| 040 | _cEDL | ||
| 041 | _2eng | ||
| 041 | _aeng | ||
| 084 | _a306.766 ELL | ||
| 084 | _qEDL | ||
| 100 |
_aEllis, havelock | Symonds, John Addington _91233328 |
||
| 245 | 0 | _aSexual Inversion: Critical Edition | |
| 245 | 0 | _cEllis, havelock | Symonds, John Addington | |
| 260 | _aNew York | ||
| 260 | _bPalgrave Macmillan | ||
| 260 | _c2008 | ||
| 300 | _a351p | ||
| 942 | _cTB | ||
| 942 | _h306.766 ELL | ||
| 999 |
_c1846715 _d1846715 |
||